|
|
|
|
| LEADER |
00723nam a22001937a 4500 |
| 008 |
130625b xxu||||| |||| 00| 0 eng d |
| 999 |
|
|
|c 297
|d 297
|
| 020 |
|
|
|a 9788122610345
|
| 082 |
|
|
|a 894.13
|b VAS
|
| 100 |
|
|
|a വാസുദേവന്നായര്, എം. ടി.
|
| 240 |
|
|
|a Kaalam
|
| 245 |
|
|
|a കാലം /
|c എം. ടി. വാസുദേവന്നായര്
|
| 260 |
|
|
|a തൃശൂര് :
|c 2012.
|
| 300 |
|
|
|a 271p.
|
| 650 |
|
|
|a നോവല്
|
| 650 |
|
|
|a Novel
|
| 700 |
|
|
|a Vasudevan Nair, M. T.
|
| 942 |
|
|
|2 ddc
|c BK
|
| 952 |
|
|
|0 0
|1 0
|2 ddc
|4 0
|6 894_130000000000000_VAS
|7 0
|9 290
|a MAIN
|b MAIN
|d 2013-06-25
|g 190.00
|l 44
|m 2
|o 894.13 VAS
|p 407
|q 2020-06-01
|r 2020-03-20
|s 2020-03-20
|w 2013-06-25
|y BK
|